ARRUPE JESUIT UNIVERSITY

CORONAVIRUS -STOP THE SPREAD - CLEAN,DISINFECT,COVER

Makers of the labour movement. (Record no. 119422)

MARC details
000 -LEADER
fixed length control field 00866cam a22002651 4500
001 - CONTROL NUMBER
control field 7416088
003 - CONTROL NUMBER IDENTIFIER
control field ARRUPE
005 - DATE AND TIME OF LATEST TRANSACTION
control field 20131220130504.0
008 - FIXED-LENGTH DATA ELEMENTS--GENERAL INFORMATION
fixed length control field 730123s1948 enkc b 000 0deng
010 ## - LIBRARY OF CONGRESS CONTROL NUMBER
LC control number 48009799
035 ## - SYSTEM CONTROL NUMBER
System control number (OCoLC)544839
040 ## - CATALOGING SOURCE
Original cataloging agency DLC
Transcribing agency OGraD
Modifying agency OCoLC
-- DLC
050 00 - LIBRARY OF CONGRESS CALL NUMBER
Classification number HD8393.A1
Item number C6
082 ## - DEWEY DECIMAL CLASSIFICATION NUMBER
Classification number 331.880942
300 ## - PHYSICAL DESCRIPTION
Other physical details ports.
Dimensions 23 cm.
100 1# - MAIN ENTRY--PERSONAL NAME
Personal name Cole, Margaret,
Dates associated with a name 1893-1980.
9 (RLIN) 6201
245 10 - TITLE STATEMENT
Title Makers of the labour movement.
Statement of responsibility, etc With a foreword by Hugh Dalton.
260 ## - PUBLICATION, DISTRIBUTION, ETC. (IMPRINT)
Place of publication, distribution, etc London,
-- New York,
Name of publisher, distributor, etc Longmans, Green
Date of publication, distribution, etc [1948]
300 ## - PHYSICAL DESCRIPTION
Extent xv, 319 p.
504 ## - BIBLIOGRAPHY, ETC. NOTE
Bibliography, etc Bibliography: p. 309-312.
650 #0 - SUBJECT ADDED ENTRY--TOPICAL TERM
Topical term or geographic name as entry element Labor unions
Geographic subdivision Great Britain
General subdivision History.
9 (RLIN) 6202
650 #0 - SUBJECT ADDED ENTRY--TOPICAL TERM
Topical term or geographic name as entry element Labor movement
Geographic subdivision Great Britain
General subdivision History.
9 (RLIN) 6203
651 #0 - SUBJECT ADDED ENTRY--GEOGRAPHIC NAME
Geographic name Great Britain
General subdivision Biography.
9 (RLIN) 6204
906 ## - LOCAL DATA ELEMENT F, LDF (RLIN)
a 7
b cbc
c oclcrpl
d u
e ncip
f 19
g y-gencatlg
942 ## - ADDED ENTRY ELEMENTS (KOHA)
Source of classification or shelving scheme Library of Congress Classification
Koha item type Monograph ( Printed materials)
Holdings
Withdrawn status Lost status Source of classification or shelving scheme Damaged status Not for loan Home library Current library Date acquired Total Checkouts Full call number Barcode Date last seen Price effective from Koha item type
    Library of Congress Classification     ARRUPE LIBRARY ARRUPE LIBRARY 20/12/2013   HD8393.A1 C6 464123024 20/12/2013 20/12/2013 Monograph ( Printed materials)

 

Arrupe Library. PO Box MP320 Mt Pleasant, Harare, Zimbabwe
263 242 745411|librarian@aju.ac.zw